Holiday Quiz

Random Holiday or Famous Quiz

Famous Vampires Quiz Stats

 Plays Quiz Updated Oct 31, 2018

Score 0/20 Timer 05:00
3 Plays Today
Vampire % Correct
Dracula
83.1%
Edward Cullen
79.5%
Blade
67.1%
Count Chocula
65.8%
Count von Count
64.2%
Angel
55.2%
Lestat de Lioncourt
39.4%
Count Orlok
39%
Spike
38.9%
Count Duckula
34.9%
Vampire % Correct
Bill Compton
30.5%
Eric Northman
25.6%
Louis de Pointe du Lac
19.3%
Rayne
16.4%
Selene
15.5%
Damon Salvatore
15.1%
Queen Akasha
9.9%
Barnabas Collins
9%
Larten Crepsley
4.5%
Henry Fitzroy
3.5%

You're not logged in!

Compare scores with friends on all Sporcle quizzes.
OR
Log In

Sporcle TV

Today on Sporcle TV


Watch our educational content, quiz creation guides, and fun videos on Sporcle TV.

Show Comments

Extras

Top Quizzes Today


Score Distribution

Your Account Isn't Verified!

In order to create a playlist on Sporcle, you need to verify the email address you used during registration. Go to your Sporcle Settings to finish the process.

Report this User

Report this user for behavior that violates our Community Guidelines.

Details: